[Event "USA-ch Women 2020"]
[Site "Saint Louis"]
[Date "2020.10.24"]
[Round "10.6"]
[White "Zatonskih, Anna"]
[Black "Yip, Carissa"]
[Result "0-1"]
[WhiteElo "2420"]
[BlackElo "2421"]
[Annotator "TA"]
[PlyCount "92"]
[EventDate "2020.10.21"]
[EventType "tourn"]
[EventCountry "USA"]
[SourceTitle "playchess.com"]
[Source "ChessBase"]
[SourceQuality "1"]

{[%evp 9,92,7,25,0,18,10,0,-3,-1,-29,-17,-33,-40,-19,-16,-31,0,-18,16,9,51,43,54,58,46,41,57,50,80,65,87,4,92,96,151,150,137,128,143,154,163,164,164,131,123,128,136,158,633,611,716,418,432,404,398,399,366,97,110,0,0,0,0,0,0,0,0,0,0,0,0,-29964,-12837,-29994,-29995,-29995,-4,-4,-4,-670,-642,-642,-130,-29986,-29987]} 1. d4 Nf6 2. Nf3 g6 3. g3 c5 4. c3 b6 5. Bg2 Bb7 6. Qb3 {A49: 1 d4 Nf6 2 Nf3 g6 3 g3: Anti-King's Indian systems.} Qc8 7. O-O Bg7 8. dxc5 {The position is equal.} Qxc5 9. Be3 Qc8 {[#]} 10. a4 $146 ({Predecessor:} 10. c4 Nc6 11. Na3 O-O 12. Rac1 d6 13. Rfd1 Ng4 14. Bd2 Nd4 15. Nxd4 Bxd4 16. Be1 Bxg2 17. Kxg2 {0-1 (39) Jussupow,A (2581)-Tregubov,P (2606) Bern 2014}) 10... Nc6 11. Na3 O-O 12. Rfd1 Na5 13. Qa2 e6 14. Rac1 d5 15. b4 $1 {[%cal Rb4a5,Bb2b4,Bb4b5][%mdl 32]} Nc6 16. b5 Na5 17. c4 dxc4 18. Nxc4 Nxc4 19. Rxc4 Qe8 20. Qa3 (20. Nd4 $16 Bxg2 21. Kxg2) 20... Nd5 {[#]} (20... a6 $1 $11 {remains equal.}) 21. Bd4 $1 $16 {[%cal Rd4g7]} e5 (21... Bxd4 $142 22. Nxd4 (22. Rdxd4 a6 $11) (22. Rcxd4 Rc8 $14) 22... Rc8 23. Rxc8 Qxc8) 22. Bb2 Rd8 23. Qa1 $36 {[%mdl 2048] White is on the roll.} Qe6 24. Ng5 ({Much less strong is} 24. Bxe5 Ne3 $14) 24... Qe7 25. h4 Rfe8 26. e4 Nf6 27. Rxd8 {[%mdl 64] Overworked Piece} Qxd8 28. Bxe5 Rxe5 $2 (28... Nh5 $16) 29. Qxe5 $18 h6 30. Qc7 Qd1+ 31. Bf1 hxg5 32. Qxb7 gxh4 33. Rc8+ $2 ({Not} 33. Qxa7 h3 $16) (33. e5 $18 Nd7 34. e6 (34. Qxa7 hxg3 35. Qa8+ Nf8 $16) 34... fxe6 35. Qa8+ (35. Qxa7 hxg3 36. Qa8+ Kf7 $18) 35... Nf8 36. Rxh4) 33... Kh7 $16 34. Qxf7 ({Better is} 34. Qc7 $16) 34... hxg3 $11 35. fxg3 Qd4+ 36. Kg2 {Black must now prevent Qc4.} Qxe4+ 37. Kg1 $1 {Hoping for Rc4.} Qe3+ 38. Kg2 $1 Qd2+ 39. Kg1 {Threatens to win with Rc4.} Ng4 {[%csl Gg4][%cal Rd2h2]} 40. Bg2 $2 {[%mdl 8192]} (40. Bc4 $11 Qh2+ 41. Kf1 Ne3+ 42. Ke1 Qxg3+ 43. Kd2) 40... Qe1+ {[%mdl 64] Double Attack} 41. Qf1 Qe3+ 42. Kh1 Qh6+ $2 (42... Qxg3 {mates} 43. Rh8+ {[%mdl 64] Decoy} Kxh8 44. Qf8+ Bxf8 45. Kg1 Bc5+ 46. Kh1 Qh2#) 43. Bh3 {aiming for Qg2.} Ne3 44. Qf3 $2 {[%mdl 8192]} (44. Qg1 $11 Qxh3+ {[%mdl 64] Double Attack} 45. Qh2 Qxh2+ 46. Kxh2) 44... Qxh3+ $19 {[%mdl 64] Double Attack} 45. Kg1 Ng4 $2 (45... Qxc8 $19 {and Black stays clearly on top.} 46. Qxe3 {[#]} Qg4 $1 {[%mdl 512]}) 46. Rc2 $2 {[%mdl 8192]} (46. Rc7 $17) 46... Bd4+ {Black used his chance. Av CentiPawn Loss W=-112/B=-83. Weighted=-143/-136} 0-1

[Event "USA-ch Women 2020"]
[Site "Saint Louis"]
[Date "2020.10.24"]
[Round "11.1"]
[White "Yip, Carissa"]
[Black "Cervantes Landeiro, Thalia"]
[Result "1-0"]
[WhiteElo "2421"]
[BlackElo "2311"]
[Annotator "TA"]
[PlyCount "69"]
[EventDate "2020.10.21"]
[EventType "tourn"]
[EventCountry "USA"]
[SourceTitle "playchess.com"]
[Source "ChessBase"]
[SourceQuality "1"]

{[%evp 16,69,23,12,5,11,13,0,-6,-10,41,28,89,65,119,35,136,136,127,143,148,32,51,-20,109,115,107,70,88,44,150,88,352,316,423,422,414,408,681,653,1062,1069,1032,1048,1037,972,997,812,5589,5577,29985,29986,29986,29986,29989,29990]} 1. e4 c5 2. Nf3 d6 3. d4 cxd4 4. Nxd4 Nf6 5. Nc3 a6 6. Bg5 e6 7. f4 h6 8. Bh4 Qb6 {8...Qb6 is better than 8...Be7.} 9. a3 Be7 {B96: Sicilian Najdorf: 6 Bg5 e6 7 f4, lines other than 7...Qb6 and 7...Be7.} 10. Bf2 {Strongly threatening Nxe6!} Qc7 11. Qf3 Nbd7 {The position is equal.} 12. g4 b5 (12... g5 $1 $11) 13. h4 {[#]} h5 $146 (13... Nc5 $11) ({Predecessor:} 13... Bb7 14. g5 Nh7 15. g6 Nhf6 16. gxf7+ Kxf7 17. Rg1 g6 18. Rxg6 Nc5 19. Rg1 Rag8 20. Rxg8 Rxg8 {1-0 (34) Lobanov,S (2526)-Raja,R (2443) Moscow 2019}) 14. g5 $36 {[%mdl 2048] Black is under pressure.} Ng4 15. g6 (15. Bh3 $16) 15... Nxf2 (15... O-O $14) 16. gxf7+ ({Not} 16. Kxf2 Nf6 $15) 16... Kxf7 17. Qxf2 Nf6 18. Bh3 (18. f5 $16) 18... Qc5 $14 ({Don't play} 18... Ng4 $6 19. Bxg4 hxg4 20. f5 $16) 19. Rg1 ({Better is} 19. Qd2 $14) 19... Ng4 (19... e5 $1 $11 {remains equal.} 20. Nf5 Qxf2+ 21. Kxf2 Bf8 22. fxe5 dxe5) 20. Bxg4 $16 hxg4 21. O-O-O Rxh4 22. e5 {And now Ne4 would win.} d5 ({Black should play} 22... Bb7 $14) 23. Qg2 (23. Rh1 $142 Rxh1 24. Rxh1) 23... g6 $2 {[%mdl 8192] Black cannot hold the game after this.} (23... Rb8 $16) 24. Rh1 $18 {Black must now prevent Rxh4.} Bd7 25. Rxh4 Bxh4 26. Qxg4 Bf2 (26... Rh8 $142 27. Nxd5 Bd8) 27. Nf3 Qe7 28. Rh1 Rg8 29. Rh7+ {[%mdl 64] [#] Skewer} Rg7 30. Ng5+ Kg8 31. Rh1 Bc6 32. Qh3 {[%csl Gh1][%cal Rh3h8]} Kf8 33. Nxe6+ {[%mdl 64] [#] Double Attack. White mates.} Ke8 34. Nxg7+ Qxg7 35. Qc8+ {Av CentiPawn Loss W=-29/B=-141. Weighted=-30/-193} 1-0

[Event "USA-ch Women 2020"]
[Site "Saint Louis"]
[Date "2020.10.24"]
[Round "11.2"]
[White "Yu, Jennifer"]
[Black "Zatonskih, Anna"]
[Result "1/2-1/2"]
[WhiteElo "2315"]
[BlackElo "2420"]
[Annotator "TA"]
[PlyCount "110"]
[EventDate "2020.10.21"]
[EventType "tourn"]
[EventCountry "USA"]
[SourceTitle "playchess.com"]
[Source "ChessBase"]
[SourceQuality "1"]

{[%evp 9,110,19,19,18,23,27,27,27,21,19,25,22,31,35,20,-75,65,56,81,41,83,81,95,104,113,102,122,62,102,81,103,107,131,122,117,75,99,99,91,47,48,0,0,0,0,0,0,-28,8,8,9,8,10,9,10,9,13,12,16,6,38,0,20,6,5,4,17,0,29,0,16,4,11,0,0,0,0,0,9,0,0,0,0,0,0,0,0,0,0,0,0,0,0,0,0,0,0,0,0,0,0,0,0]} 1. d4 e6 2. c4 d5 3. Nc3 Nf6 4. Nf3 a6 5. cxd5 exd5 6. Bg5 {D37: Queen's Gambit Declined: 5 Bf4.} Be7 7. e3 h6 8. Bh4 {White has an edge.} O-O 9. Bd3 Be6 10. O-O Nbd7 11. Rc1 c6 12. Ne5 (12. Nd2 $11 {keeps the balance.}) 12... Re8 (12... Nxe5 $17 13. dxe5 Ng4 {[%mdl 64] Discovered Attack} 14. Bxe7 Qxe7) 13. f4 $14 {Hoping for f5.} Nf8 14. h3 {[#]} N6h7 $146 ({Predecessor:} 14... Rc8 15. Bf2 Rc7 16. a3 Bc8 17. Bb1 Bd6 18. Bh4 Be7 19. Qd3 N6h7 20. Bf2 Bd6 {½-½ (36) Huang,Q (2438)-Pham,L (2354) Riadh 2017}) 15. Bf2 f6 16. Nf3 Rc8 17. Ne2 {[%cal Bc3e2,Be2g3,Bg3f5][%mdl 32]} Qd7 18. g4 ({Better is} 18. Qc2 $16) 18... Bd6 19. Ng3 c5 20. dxc5 Rxc5 21. Nd4 Bf7 22. Ngf5 Rxc1 23. Qxc1 Bb8 24. Kg2 Ne6 25. Qb1 Nhf8 26. Rc1 Nxd4 27. Nxd4 Ba7 28. Bf5 Ne6 29. Nxe6 Bxe6 30. Bh7+ Kf8 31. Qd3 Qe7 32. Bg6 Bf7 33. Bxf7 Qxf7 34. Kf3 Qe6 35. Rc3 h5 (35... d4 $5 36. exd4 Qxa2 $11) 36. Qh7 hxg4+ 37. hxg4 Bb6 38. Qg6 Qd6 39. Qd3 Rd8 {The position is equal.} 40. Rc1 d4 41. Rh1 dxe3 42. Rh8+ Ke7 43. Rxd8 Bxd8 44. Qe4+ Kf8 45. Bxe3 Qd7 46. Bc5+ (46. b3 {seems wilder.} Be7 47. f5 Qb5 48. Qc4 Qd7 49. Ke2) 46... Be7 47. Bxe7+ (47. Bf2 {with more complications.} Qb5 48. Bd4 Bd6 49. Kg3 Qf1 50. g5) 47... Qxe7 48. Qxe7+ Kxe7 $11 {[%mdl 4096] Endgame KP-KP} 49. Ke4 Ke6 $1 50. b3 g6 51. a3 b6 52. Kd4 Kd6 53. Ke4 Ke6 54. Kd4 Kd6 55. Ke4 Ke6 {Av CentiPawn Loss W=-10/B=-10. Weighted=-11/-13} 1/2-1/2

[Event "USA-ch Women 2020"]
[Site "Saint Louis"]
[Date "2020.10.24"]
[Round "11.3"]
[White "Samadashvili, Martha"]
[Black "Eswaran, Ashritha"]
[Result "0-1"]
[WhiteElo "2215"]
[BlackElo "2244"]
[Annotator "TA"]
[PlyCount "76"]
[EventDate "2020.10.21"]
[EventType "tourn"]
[EventCountry "USA"]
[SourceTitle "playchess.com"]
[Source "ChessBase"]
[SourceQuality "1"]

{[%evp 9,76,27,25,25,22,28,44,17,19,13,27,0,0,0,0,-8,-5,-51,-56,-31,-35,-86,-83,-92,-3,-37,-37,-42,-47,-83,-72,-133,-79,-107,-76,-72,0,0,6,0,57,31,54,47,45,0,0,0,52,0,0,0,227,-54,-58,-1288,-1208,-29988,-454,-29989,-29990,-29995,-29996,-29996,-29997,-29997,-29998,-29998,-29999]} 1. e4 c5 2. Nf3 d6 3. Bb5+ Nd7 4. O-O a6 5. Bd3 g6 6. c3 {B51: Sicilian: Moscow Variation (3 Bb5+) without 3...Bd7.} Bg7 7. Bc2 e5 8. a4 {White is slightly better.} Ne7 9. Na3 O-O 10. Nc4 {[#]} Nf6 $146 ({Predecessor:} 10... Nb6 11. d3 h6 12. Nxb6 Qxb6 13. Nd2 d5 14. exd5 Nxd5 15. Nc4 Qc7 16. Re1 Bd7 {½-½ (88) Persson,R (2192)-Drogovoz,M (1952) Paracin 2014}) 11. d3 h6 12. Qe2 Be6 13. b4 cxb4 14. cxb4 Nc6 15. Bd2 (15. a5 $15) 15... Bg4 $17 16. Bc3 b5 (16... d5 $17 17. b5 Nd4 18. Bxd4 exd4) 17. axb5 axb5 {Strongly threatening ...Rxa1.} 18. Rxa8 Qxa8 19. Ra1 Qc8 20. Ncd2 (20. Ne3 $142) 20... d5 (20... Nd4 $142 $1 {[%cal Rd4e2]} 21. Bxd4 Qxc2) 21. h3 d4 {aiming for ...Bxf3.} 22. Bb2 Nxb4 (22... Bd7 $17) 23. Bb3 $36 {[%mdl 2048] White is pushing.} Bxf3 $1 24. Nxf3 Nc6 (24... Nh5 $1 $11 25. Qd2 Nc6) 25. Rc1 {[%mdl 1024] White has compensation.} (25. Qc2 $5 {[%cal Ra1c1]} Nh5 26. Rc1 $14) 25... Qa6 26. Qc2 Nb4 27. Qd2 (27. Qd1 $5 {[%cal Rc1a1]}) 27... Nc6 28. Qc2 Na5 ({Black should try} 28... Nb4 $11 29. Qd1 Nc6) 29. Nxe5 ({White should play} 29. Ba2 $1 $14) 29... Nxb3 30. Qxb3 {Black must now prevent Nxg6.} Nh5 $2 {[#]} (30... Nxe4 $11 31. Bxd4 Qd6 32. dxe4 Bxe5) 31. Rc6 $2 ({Inferior is} 31. Bxd4 Nf4 $17) (31. Ra1 $1 $18 {[%cal Ra1a6]} Qe6 32. Qxe6 {[%mdl 64] Overworked Piece} fxe6 33. Nxg6) 31... Qa4 $15 32. Qd5 $2 {[%mdl 8192] Loses the game.} (32. Qxa4 $15 bxa4 33. Nd7 (33. Bxd4 Nf4 $15)) 32... Nf4 $19 33. Qd6 Qd1+ {[%mdl 64] Double Attack} 34. Kh2 {[#]} Qf1 $1 {[%csl Gf4][%cal Rf1g2][%mdl 576] Double Attack. Black mates.} 35. Kg3 Qxg2+ {[%mdl 64] Double Attack} 36. Kxf4 g5+ 37. Kf5 Qxf2+ {[%mdl 64] Double Attack} 38. Kg4 Qf4+ {[%mdl 64] Double Attack. Av CentiPawn Loss W=-112/B=-21. Weighted=-99/-25} 0-1

[Event "USA-ch Women 2020"]
[Site "Saint Louis"]
[Date "2020.10.24"]
[Round "11.4"]
[White "Krush, Irina"]
[Black "Nguyen, Emily"]
[Result "1-0"]
[WhiteElo "2429"]
[BlackElo "2280"]
[Annotator "TA"]
[PlyCount "73"]
[EventDate "2020.10.21"]
[EventType "tourn"]
[EventCountry "USA"]
[SourceTitle "playchess.com"]
[Source "ChessBase"]
[SourceQuality "1"]

{[%evp 9,73,19,30,10,14,16,54,63,52,35,113,41,46,2,66,16,103,98,135,130,184,122,131,117,135,135,127,133,133,75,105,89,81,85,66,66,117,131,367,377,333,123,401,399,439,427,458,460,462,228,220,220,210,208,201,149,29981,29982,29988,29989,29994,29995,29996,29997,29998,29999]} 1. d4 d5 2. c4 c6 3. cxd5 cxd5 4. Bf4 Nf6 5. e3 Nc6 6. Bb5 {D10: Slav Defence: 3 cxd5 (without early Nf3) and 3 Nc3.} Bf5 7. Nf3 a6 8. Bxc6+ {White is slightly better.} bxc6 9. O-O e6 {[#]} ({Better is} 9... Nh5 $14) 10. Nbd2 $146 (10. Qa4 $1 $16) ({Predecessor:} 10. Ne5 Qc7 11. Ng6 e5 12. Bxe5 Bd6 13. Bxd6 Qxd6 14. Nxh8 Ne4 15. Qf3 Qe6 16. Nc3 {1-0 (30) Zhou,Z-Liu,Z Changsha 2019}) 10... Qb6 11. Nb3 Be7 (11... a5 $11) 12. Rc1 O-O (12... Nd7 $11) 13. Ne5 $1 $16 Rfc8 14. g4 $1 {[%cal Rg4f5]} Be4 (14... Bg6 $16 {was called for.}) 15. f3 (15. h4 $1 $18) 15... Bg6 16. h4 h6 17. Nxg6 fxg6 18. Qc2 $36 {[%mdl 2048] White is in control.} Kf7 19. Kh2 ({White should try} 19. Rf2) 19... a5 20. Rg1 {Threatens to win with g5.} g5 21. hxg5 hxg5 22. Bxg5 Rh8+ {White now steadily converts the win.} (22... a4 $1 $14 23. Nc5 Bxc5 24. Qxc5 Qxc5 25. Rxc5 Nd7) 23. Kg2 Nxg4 $2 (23... a4 $16) 24. fxg4 $18 Bxg5 {[#]} 25. Rgf1+ $2 (25. Qxc6 Qxc6 26. Rxc6 Rhc8 $11) (25. Rcf1+ $1 $18 {and the rest is easy.} Bf6 26. g5 {[%mdl 64] Pin}) 25... Ke7 $2 {[%mdl 8192] [#]} (25... Bf6 $16) 26. Qg6 $1 {[%cal Rg6g5][%mdl 512]} Bf6 {And now ...Rh6 would win.} 27. g5 (27. Rxf6 gxf6 28. Qg7+ Kd6 $11) 27... Rag8 {If only Black now had time for ...a4....} 28. Rh1 ({Weaker is} 28. Rxf6 gxf6 29. Qxf6+ Kd6 $11) 28... Qb5 {Strongly threatening ...Qe2+.} 29. Kf3 (29. Kf2 $142 {Rxh8 is the strong threat.} Be5 30. Rxh8 Rxh8 31. dxe5 Rf8+ 32. Kg3) 29... Rxh1 30. Rxh1 ({And not} 30. gxf6+ gxf6 31. Qxg8 Rxc1 $11) 30... Rf8 31. Kg3 Qe2 {( -> ...Be5+!)} 32. gxf6+ Rxf6 $2 {[%mdl 8192]} (32... Kd8 $16) 33. Qxg7+ {White mates.} Rf7 34. Qg5+ Kd7 35. Nc5+ Kc7 36. Qe5+ {[%mdl 64] Double Attack} Kb6 37. Qb8+ {Av CentiPawn Loss W=-25/B=-63. Weighted=-24/-55} 1-0

[Event "USA-ch Women 2020"]
[Site "Saint Louis"]
[Date "2020.10.24"]
[Round "11.5"]
[White "Wang, Annie"]
[Black "Foisor, Sabina-Francesca"]
[Result "0-1"]
[WhiteElo "2384"]
[BlackElo "2228"]
[Annotator "TA"]
[PlyCount "98"]
[EventDate "2020.10.21"]
[EventType "tourn"]
[EventCountry "USA"]
[SourceTitle "playchess.com"]
[Source "ChessBase"]
[SourceQuality "1"]

{[%evp 16,97,0,-3,6,-4,14,14,21,19,67,50,63,58,58,47,60,53,96,82,84,39,49,10,33,36,35,19,37,29,29,22,25,24,37,0,18,8,10,8,17,-18,-30,-176,-60,-118,-120,-351,-331,-440,-433,-434,-432,-756,-802,-795,-786,-764,-735,-800,-882,-884,-878,-869,-870,-855,-852,-820,-810,-952,-952,-2429,-2517,-2518,-1271,-29977,-29976,-29991,-29992,-29994,-29979,-29999,-29999,-29999]} 1. d4 e6 2. c4 Bb4+ 3. Bd2 a5 4. g3 Nc6 5. Nf3 Nf6 6. a3 Bxd2+ 7. Nbxd2 O-O 8. Bg2 d6 9. O-O e5 {E11: Bogo-Indian.} 10. d5 Nb8 11. b4 {[#]} Bg4 $146 {The position is equal.} ({Predecessor:} 11... Bd7 12. Qb3 Na6 13. Qc3 c6 14. dxc6 Bxc6 15. b5 Bxf3 16. Bxf3 Nc5 17. Nb3 Nxb3 18. Qxb3 {1-0 (60) Vyprachticky,D (2092)-Pekar,V (2157) Czechia 2013}) 12. Qb3 a4 13. Qc3 Qe7 14. h3 Bh5 15. Rfc1 Nbd7 16. e4 b6 17. Ne1 Bg6 18. Nd3 Nh5 19. c5 f5 (19... bxc5 {is more complex.} 20. bxc5 f5 21. cxd6 cxd6 22. exf5 Bxf5 23. Nb4 Nc5) 20. cxd6 cxd6 21. Nb2 fxe4 22. Nxe4 Bxe4 23. Bxe4 Nhf6 24. Bg2 e4 25. Qd2 b5 26. Nd1 Ne5 27. Nc3 Qd7 28. Qe3 Rae8 29. Rd1 (29. Rc2 $11 {and White stays safe.}) 29... Nc4 ({Black should play} 29... Nf3+ $1 $19 30. Kf1 Re5) 30. Qd4 {[#]} (30. Qe2 $1 $15) 30... e3 $1 $36 {[%cal Re3f2][%mdl 2048] And now ...exf2+ would win. Keeping White busy.} 31. fxe3 $2 (31. Rf1 $17) 31... Nxe3 $19 ({Not} 31... Rxe3 32. Rd3 $17) 32. Rd2 {[#]} Nf5 $1 {[%cal Rf5d4]} 33. Qf2 Ne3 34. Ne4 (34. Rc1 $142 Nh5 35. Bf3 Qxh3 36. Re2 Qxg3+ 37. Qxg3 Nxg3 38. Rf2) 34... Nxe4 35. Qxe3 Nxd2 36. Qxd2 Qa7+ 37. Kh2 {[#]} Rf2 $1 38. Qc3 Ree2 39. Rg1 Qe3 40. Qc8+ Kf7 41. Qd7+ Qe7 42. Qxb5 h5 43. Qc4 Qe5 44. h4 Re3 45. Qc7+ {[#]} Kg6 $1 {Black mates.} 46. Qd8 Rxg3 47. Kh1 Rg4 48. Bf1 Rxg1+ 49. Kxg1 Qh2# {Av CentiPawn Loss W=-84/B=-54. Weighted=-73/-25} 0-1

[Event "USA-ch Women 2020"]
[Site "Saint Louis"]
[Date "2020.10.24"]
[Round "11.6"]
[White "Derakhshani, Dorsa"]
[Black "Abrahamyan, Tatev"]
[Result "1-0"]
[WhiteElo "2270"]
[BlackElo "2358"]
[Annotator "TA"]
[PlyCount "71"]
[EventDate "2020.10.21"]
[EventType "tourn"]
[EventCountry "USA"]
[SourceTitle "playchess.com"]
[Source "ChessBase"]
[SourceQuality "1"]

{[%evp 12,71,13,0,33,25,22,15,55,-22,15,9,49,43,91,81,105,80,79,79,70,0,107,98,166,138,262,239,287,288,236,411,570,533,564,563,537,534,838,596,848,874,1120,1090,1340,1340,1340,1340,1340,1340,1340,1338,1322,1314,5515,5514,29964,29965,6519,6520,6307,5510]} 1. e4 e6 2. d4 d5 3. Nc3 Nf6 4. Bg5 dxe4 5. Nxe4 Be7 6. Bxf6 gxf6 7. Qd3 f5 {C13: French: Classical System: 4 Bg5 Be7, Alekhine-Chatard Attack.} 8. Nc3 c6 9. O-O-O Nd7 {[%cal Bb8d7,Bd7f6,Bf6d5,Bd5c3][%mdl 32] The position is equal.} 10. f4 (10. Nf3 $14) 10... Nf6 {[#]} 11. Nf3 $146 ({Predecessor:} 11. Be2 a5 12. Bf3 a4 13. h3 a3 14. b3 h5 15. Nge2 h4 16. g4 hxg3 17. Nxg3 {0-1 (31) Winfridsson,H (2200)-Okike,D (2149) Birmingham 2002}) 11... b5 12. Ne5 b4 13. Na4 Qd5 14. b3 Qe4 15. Qd2 Nd5 16. Nxc6 (16. g3 $14 Qe3 17. Nxc6) 16... Bd6 (16... Qxf4 $11 17. Qxf4 Nxf4) 17. g3 $1 $36 {[%mdl 2048] White is in control. White now steadily converts the win.} Qxh1 (17... Bd7 $16 {might work better.}) 18. Bb5 $18 {[#]} Qe4 {[#]} (18... Qxd1+ $1 $16 {[%mdl 512]} 19. Kxd1 Bd7) 19. Ne5+ $1 Ke7 {...Qe3 is the strong threat.} 20. Re1 Nc3 21. Bc6 $2 (21. Rxe4 Nxe4 22. Qe3) 21... Qxe1+ 22. Qxe1 Rb8 23. Nxc3 bxc3 24. Qxc3 f6 25. Nc4 Bb4 26. Qe3 Rd8 27. d5 Bd7 28. Bxd7 Rxd7 29. Qxe6+ {[%mdl 64] Double Attack} Kd8 30. d6 Bxd6 31. Nxd6 Rb6 32. Qxf6+ Kc7 33. Ne8+ Kb7 34. Qxf5 Re7 35. Qd5+ Kc8 36. Nd6+ {Av CentiPawn Loss W=-13/B=-137. Weighted=-10/-93} 1-0